02166 a2200193 45000010006000000050017000060080041000230030015000640400040000790800022001192450026001412640063001673000019002305051636002491000022018857000024019077000023019317000018019542839820260407155555.0260407a1972 arg spa dAR-UNSa-BCEJYS aAR-UNSa-BCEJYSbspacAR-UNSa-BCEJYS a657xContabilidad10aContabilidad básica 1aMéxico :bCECSA (Compañia Editorial Continental)c1972 a720 p.c23 cm. a1.Contabilidad, medición y comunicación - 2. La cuenta, el mayor, la balanza de comprobación - 3. El diario general, traspasos, cierre - 4. Contabilidad mercantil - 5. Trasnacciones continuaso no terminadas - 6. Transacciones continuas, hoja de trabajo - 8. Procesamiento de datos para control, documentos y procedimientos, informes - 9. Instrumentos negociables: Pagarés y letra de cambio - 10. Impuestos sobre sueldos y otros - 11. Determinación y valuación de la utilidad, ilustración de sumarios períodicos - 12. Cuentas de control y libros mayores auxiliares: Libros diarios especiales - 13. Diarios y registros especiales; impuesto sobre ventas - 14. El sistema de pólizas - 15. Efectivo y previsiones para efectivo - 16. Las sociedades anónimas - 17. Sociedades aónimas - 18. Sociedades anónimas - 19. Bonos de sociedades anónimas - 20. Propietario unico, sociedades en nombre colectivo - 21. Sociedades(conclusión) - 22. Pérdidas y cuentas de créditos por cobrar, inversiones e ingresops por inversiones - 23. Inventarios y costos de ventas - 24. Activos fijos, depreciación y amortización - 25. Contabilidad de ventas por departamentos y sucursales - 26. Contabilidad de costos de fabricación - 27. Contabilidad de costos: Inventarios perpetuos - 28.Utilización de los datos contables en las decisiones empresariales: Análisis de estados financieros - 29. Utlización de los datos contables en las decisiones gerenciales: Análisis de los estados financiero(conclusión)- 30. Empleo de los datos contables en las decisiones gerenciales: análisi y presupuestos incrementales. 1 aHolmes, Arthur W.1 aMaynard, Gilbert P.1 aEdwards, James Don1 aMeier, Robert